000 004730000a22001810004500
003 MACL
005 20160803134200.0
008 160803b xxu||||| |||| 00| 0 eng d
040 _aMACL
_cMACL
041 _aEnglish
082 _a954 GOP
100 _aGopal, Ram
_96321
245 _aIndian Muslims
_bA Political History 1858-1947
_cRam Gopal
260 _bAsia Publishing House
_c1959
_aMadras
350 _a17
650 _aHistory
_966044
942 _cBK
_k954/GOP
_2ddc
999 _c39475
_d39475